PRIME (property rent indices and market editorial) (Record no. 119206)

MARC details
000 -LEADER
fixed length control field 00924cas a22002295a 4500
001 - CONTROL NUMBER
control field L145855
008 - FIXED-LENGTH DATA ELEMENTS--GENERAL INFORMATION
fixed length control field 081113d19841998xxkfr m s 0 a0eng d
035 ## - SYSTEM CONTROL NUMBER
System control number (Sirsi) u145855
041 0# - LANGUAGE CODE
Language code of text/sound track or separate title eng
050 ## - LIBRARY OF CONGRESS CALL NUMBER
Classification number 333.32 $2 18
110 2# - MAIN ENTRY--CORPORATE NAME
Corporate name or jurisdiction name as entry element Healey and Baker
9 (RLIN) 1907
245 00 - TITLE STATEMENT
Title PRIME (property rent indices and market editorial)
260 ## - PUBLICATION, DISTRIBUTION, ETC.
Place of publication, distribution, etc. London
Name of publisher, distributor, etc. Healey and Baker
Date of publication, distribution, etc. 1984-1998
362 0# - DATES OF PUBLICATION AND/OR SEQUENTIAL DESIGNATION
Dates of publication and/or sequential designation 1984-1998
490 #0 - SERIES STATEMENT
Series statement PRIME (Property Rent Indices and Market Editorial)
520 ## - SUMMARY, ETC.
Summary, etc. Provides a guide to UK prime rental values for office, business and industrial space. Details regional rental values and rent yields and provides commentary and analysis on them. Figures include rental growth rates. Tables.
554 ## -
-- Winter and Summer
650 24 - SUBJECT ADDED ENTRY--TOPICAL TERM
Topical term or geographic name entry element PRIME PROPERTY RENT INDICES AND MARKET EDITORIAL
651 #4 - SUBJECT ADDED ENTRY--GEOGRAPHIC NAME
Geographic name United Kingdom
Chronological subdivision
690 ## - LOCAL SUBJECT ADDED ENTRY--TOPICAL TERM (OCLC, RLIN)
Topical term or geographic name as entry element PROPERTY-COMMERCIAL PROPERTY-COMMERCIAL PROPERTY MARKET
942 ## - ADDED ENTRY ELEMENTS (KOHA)
Suppress in OPAC 0
Holdings
Withdrawn status Lost status Source of classification or shelving scheme Damaged status Not for loan Home library Current library Shelving location Date acquired Total Checkouts Full call number Barcode Date last seen Copy number Price effective from Koha item type
    Dewey Decimal Classification     London London Property market reports 13/11/2008   PROPERTY MARKET REPORTS 145855-1001 06/08/2019 1 06/08/2019 Reference material